000 00671nam a2200229Ia 4500
003 OSt
005 20241105145801.0
008 210716s2004 xx 000 0 und d
020 _a9788173196176
040 _cAIMIT LIBRARY
041 _aeng
082 _a005.73
_21
_bSMIP
100 _aSmith, Peter.
_9184249
245 _aApplied data structures with c++.
250 _a1st ed.
260 _aNew Delhi :
_bNarosa Publishing House ,
_c2004.
300 _axvii,692 p.;
_bPB
_c24 cm.
650 _aLists and strings
_9184250
650 _aStacks and queues
_9184251
650 _aHardware foundations of persistent objects
_9184252
942 _2ddc
_cBK
_k005.73 SMIP
999 _c188868
_d188868